| 000 | 01352nam a2200301 a 4500 | ||
|---|---|---|---|
| 003 | BLK | ||
| 005 | 20250717114719.0 | ||
| 008 | 230206b bu |||||r|||| 00| | bu d | ||
| 020 | _a9786191517831 | ||
| 040 | _aBLK | ||
| 041 |
_aBUL _cBUL |
||
| 080 |
_aБългарска литература в основното училище. Методика на обучението _b373.3.016:821.163.2 _x(082) _z373.3.016:821.163.2(082) |
||
| 139 |
_aХристоматия по литература за 6 клас _bХ 83 |
||
| 245 |
_aХристоматия по литература за 6 клас _cсъстав. Виктория Иванова |
||
| 260 |
_9209582 _aСофия _bСофтПрес _c2022 _n978-619-151- ; 978-954-685- _f(София : Фоли Арт) |
||
| 300 |
_a88 с. _c20 см |
||
| 380 | _aDN | ||
| 650 | 0 |
_9272019 _aБългарска литература - христоматии - учебници за основни училища |
|
| 653 | 7 |
_9189964 _aлитература |
|
| 653 | 7 |
_9180184 _aVІ кл. |
|
| 653 | 7 |
_9200246 _aхристоматии |
|
| 700 | 1 |
_971294 _aИванова, Виктория _eсъстав. |
|
| 852 |
_bД _c373.3.016:821/Х 83 |
||
| 852 |
_aЦб 318242 _bЦб |
||
| 856 |
_i0.00 _ldisable |
||
| 942 |
_cKNG _n0 _s1 _0154 |
||
| 944 |
_aED _c2023-07-04 _k30564 _lАнна Гръцманова |
||
| 999 |
_c488594 _d488594 |
||